000 00791nam a2200217Ia 4500
001 10209
003 GE_BSU
008 181216s||||||||xx |||||||||||||| ||und||
040 _cGE_BSU
100 _aსიხარულიძე,ილია
245 _aაჩუ,აჩუ,ცხენო
245 _bლექსები სკოლამდელი ასაკის ბავშვთათვის
245 _cილ:ილ.თურაშვილი.
260 _aთბილისი
260 _bნაკადული
260 _c1969
300 _a13გვ;20სმ.
653 _aაჩუ,აჩუ,ცხენო:
653 _aლექსები სკოლამდელი ასაკის ბავშვთათვის.
942 _cBK
999 _c43478
_d43478